000 00362nam a22001577a 4500
020 _a5-01-001429
082 _a894.812
_bKAR/T
100 _aMARX, KARAL
100 _aENGELS, FREDERIC
245 _aTHERENJEDUTHA KRITHIKAL
250 _a5
260 _bPRABATTH BOOKS
_c1989
_aTHIRUVANANTHAPURAM
300 _a118
650 _aPHILOSAPHY
_zKERALA
942 _cBK
999 _c1623
_d1623